000 00371nam a22001577a 4500
003 MPLRDC
005 20220104125219.0
008 210129b ||||| |||| 00| 0 eng d
082 _a857.9 QH-19 v.4
100 _a秦红
245 _a十万山. 四
_c
260 _a
_b武侠名著出版社
_c
300 _b
650 _a武侠小说
942 _cBK
_o857.9 QH-19 v.4
999 _c25568
_d25558